000 00457nam a2200181Ia 4500
001 4926
005 20260306145830.0
008 260306t2009||||xx |||||||||||||| ||spa||
041 _aESP
082 _a331.762234230984
_bB114
100 _aBakewell, Peter
_eAUT
245 0 _aMiner of the Red Mountain:
_bIndian labor in Potosi
260 _c2009
300 _axvi, 213 páginas :
_c23 cm.
650 _aGEN
654 _aCAN
942 _cLIB
_dJUS
_fJUS
_2ddc
_n
999 _c4926
_d4926